000 00455nam a2200193Ia 4500
003 OSt
005 20260214103543.0
008 210210b1952 xxu||||| |||| 00| 0 eng d
040 _cAL
041 _aeng
082 _a822/122
100 _aBahadur
_9153411
245 _aSelected english prose
260 _aLondon
_bMacmillan & Co. Ltd.
_c1952
690 _aEnglish Prose
_9153415
700 _aJarvis
_9153416
906 _a012309
942 _2ddc
_cBK
999 _c131098
_d131098